Augustans and romantics 1689-1830 Vol III: Dyson and Butt Ed (Record no. 135210)
[ view plain ]
| 000 -LEADER | |
|---|---|
| fixed length control field | 00630nam a2200241Ia 4500 |
| 003 - CONTROL NUMBER IDENTIFIER | |
| control field | OSt |
| 005 - DATE AND TIME OF LATEST TRANSACTION | |
| control field | 20220331145911.0 |
| 008 - FIXED-LENGTH DATA ELEMENTS--GENERAL INFORMATION | |
| fixed length control field | 210210b1940 xxu||||| |||| 00| 0 eng d |
| 040 ## - CATALOGING SOURCE | |
| Original cataloging agency | AL |
| Transcribing agency | |
| 041 ## - LANGUAGE CODE | |
| Language code of text/sound track or separate title | eng |
| 082 ## - DEWEY DECIMAL CLASSIFICATION NUMBER | |
| Classification number | 826/272 |
| 100 ## - MAIN ENTRY--PERSONAL NAME | |
| Personal name | DOBREE (Bonamy) Ed |
| 9 (RLIN) | 27072 |
| 245 ## - TITLE STATEMENT | |
| Title | Augustans and romantics 1689-1830 Vol III: Dyson and Butt Ed |
| 260 ## - PUBLICATION, DISTRIBUTION, ETC. | |
| Place of publication, distribution, etc. | London |
| Name of publisher, distributor, etc. | Not Mentioned |
| Date of publication, distribution, etc. | 1940 |
| 440 ## - SERIES STATEMENT/ADDED ENTRY--TITLE | |
| Title | III |
| 9 (RLIN) | 27073 |
| 650 ## - SUBJECT ADDED ENTRY--TOPICAL TERM | |
| Topical term or geographic name entry element | romantics |
| 9 (RLIN) | 27074 |
| 650 ## - SUBJECT ADDED ENTRY--TOPICAL TERM | |
| Topical term or geographic name entry element | Dyson |
| 9 (RLIN) | 27075 |
| 650 ## - SUBJECT ADDED ENTRY--TOPICAL TERM | |
| Topical term or geographic name entry element | Augustans |
| 9 (RLIN) | 27076 |
| 650 ## - SUBJECT ADDED ENTRY--TOPICAL TERM | |
| Topical term or geographic name entry element | 1689-1830 |
| 9 (RLIN) | 27077 |
| 690 ## - LOCAL SUBJECT ADDED ENTRY--TOPICAL TERM (OCLC, RLIN) | |
| Topical term or geographic name as entry element | History of Literature |
| 9 (RLIN) | 27078 |
| 906 ## - LOCAL DATA ELEMENT F, LDF (RLIN) | |
| a | 015820 |
| 942 ## - ADDED ENTRY ELEMENTS (KOHA) | |
| Source of classification or shelving scheme | Dewey Decimal Classification |
| Koha item type | Book |
| Withdrawn status | Lost status | Damaged status | Not for loan | Collection code | Home library | Current library | Shelving location | Date acquired | Cost, normal purchase price | Total Checkouts | Full call number | Barcode | Date last seen | Price effective from | Koha item type |
|---|---|---|---|---|---|---|---|---|---|---|---|---|---|---|---|
| St Aloysius Library | St Aloysius Library | 02/17/2021 | 0.00 | 826/272 | 015820 | 02/17/2021 | 02/17/2021 | Book | |||||||
| St Aloysius Library | St Aloysius Library | 02/17/2021 | 0.00 | 826/273 | 015821 | 02/17/2021 | 02/17/2021 | Book |